| 000 | 00522nam a22001931a 4500 | ||
|---|---|---|---|
| 001 | 12156 | ||
| 003 | OSt | ||
| 005 | 20260204212314.0 | ||
| 008 | 150311s2007|||| ||||||b||||||||||spa|| | ||
| 020 | _a9789701062019 | ||
| 082 | _a658.8 S24f | ||
| 100 | _aStanton, William J. | ||
| 245 | _aFundamentos de Mrketing / William J. Stanton, Michel J. y Etzeli, Brince Walker | ||
| 250 | _a15 | ||
| 264 | _aMexico : Mc Graw-Hill | ||
| 300 | _a741 p. | ||
| 650 | _aADMINISTRACION DE MARKETING 2.MARKETINGĂ | ||
| 942 |
_2ddc _cBK |
||
| 999 |
_c12156 _d12156 |
||